000 00592cam a2200217 4500
001 B2773
008 090401t1990 xxu||||| |||| 00| 0 eng d
035 _a(Sirsi) u52065
041 _aeng
050 _a333.67352
110 _aEconomic Development Briefing
_92461
245 4 _aThe Japanese business & investment survey 1990
260 _aLondon
_bEconomic Development Briefing
_c1990
300 _a41 leaves ; 30cm.
350 _a200
490 _aEconomic Development Briefing
_vVolume XIV
650 _aJAPAN
650 _aJAPANESE COMPANIES
942 _n0
948 _c04/03/1997
999 _c92988
_d92988